• Rodgers Richard

di Personal Name

Records bibliografici associati: 1

001 - CONTROL NUMBER

  • control field: 24177

003 - CONTROL NUMBER IDENTIFIER

  • control field: IT-RoPau

005 - DATE AND TIME OF LATEST TRANSACTION

  • control field: 20140506121341.0

008 - FIXED-LENGTH DATA ELEMENTS

  • fixed length control field: 140506|| aca||aabn | a|a d

040 ## - CATALOGING SOURCE

  • Original cataloging agency: IT-RoPau
  • Transcribing agency: IT-RoPau

100 ## - HEADING--PERSONAL NAME

  • Personal name: Rodgers Richard
  • Miscellaneous information: Codice autore musica SPICS: 11120
  • Relator term: Autore musica
  • Name of part/section of a work: It Never Entered My Mind

670 ## - SOURCE DATA FOUND

  • Source citation: Work cat.: (IT-RoPau)102798: AA.VV. 794, Standards, vol. 1 (Lp Ecm 1255)
CREDITS: SOCIETA' SAN PAOLO Via A.Severo, 58 - ROMA (RM) & PERIODICI SAN PAOLO SRL Via Giotto, 36 MILANO & CISF Via Giotto, 36 MILANO & EDIZIONI SAN PAOLO SRL,  Piazza Soncino, 5 CINISELLO BALSAMO (MI) -- ITALY